| 000 | 01291cam a22003257a 4500 | ||
|---|---|---|---|
| 001 | 10723 | ||
| 003 | BD-RjUL | ||
| 005 | 20211208235014.0 | ||
| 008 | 140125s2002 dcuab b i000 0 eng d | ||
| 020 | _a0821349511 | ||
| 035 | _a(BD-RjUL)10772 | ||
| 040 |
_aUSP/SIBI _cUBA _dFQG _dDLC _dBD-RjUL _beng |
||
| 041 | _aeng | ||
| 044 | _axxu | ||
| 082 |
_a551.49 _bGRO 2002 |
||
| 245 | 0 | 0 |
_aGroundwater quality protection : _ba guide for water utilities, municipal authorities, and environment agencies / _cStephen Foster ... [et al.] ; Groundwater Management Advisory Team (GW-MATE) in association with the Global Water Partnership ; co-sponsored by WHO-PAHO-CEPIS & UNESCO-ROSTLAC-PHI. |
| 260 |
_aWashington, D.C : _bWorld Bank, _cc2002. |
||
| 300 |
_avii, 103 p. : _bcol. ill., col. maps ; _c28 cm. |
||
| 504 | _aIncludes bibliographical references (p. 100-103). | ||
| 650 | 0 |
_aGroundwater _xQuality. _933168 |
|
| 650 | 0 |
_aHydrogeology. _933169 |
|
| 650 | 7 |
_aHIDROGEOLOGIA _2larpcal _933170 |
|
| 650 | 7 |
_aLENÇÓIS DE ÁGUA _2larpcal _933171 |
|
| 650 | 7 |
_aPOLUIÇÃO DA ÁGUA _2larpcal _933172 |
|
| 650 | 7 |
_aÁGUA (ENGENHARIA SANITÁRIA E AMBIENTAL) _2larpcal _933173 |
|
| 700 | 1 |
_aFoster, Stephen S. D. _933174 |
|
| 942 |
_2ddc _cBK |
||
| 999 |
_c10723 _d10723 |
||